| 000 | 00680nam a2200241Ia 4500 | ||
|---|---|---|---|
| 003 | OSt | ||
| 005 | 20221005084538.0 | ||
| 006 | a|||||r|||| 00| 0 | ||
| 007 | ta | ||
| 008 | 221004b |||||||| |||| 00| 0 eng d | ||
| 024 | _a46497 | ||
| 037 | _cTextual | ||
| 040 |
_aCRL _cCRL _beng |
||
| 041 |
_2eng _aeng |
||
| 082 | _aO111,1xN, K9 | ||
| 100 |
_aHoward Richard _9613399 |
||
| 245 | 0 |
_aAlone with America _b Essays on the art of poetry in the United States since 1950 |
|
| 260 |
_aNew York _bAtheneum _c1969 |
||
| 300 |
_a594p. _ccm. |
||
| 650 | _aENGLISH LITERATURE | ||
| 942 |
_hO111,1xN, K9 _cTEXL _2cc |
||
| 999 |
_c992788 _d992788 |
||